Bisexual and pansexual identities : exploring and challenging invisibility and invalidation /

Guardat en:
Dades bibliogràfiques
Autor principal: Hayfield, Nikki
Format: Llibre
Idioma:anglès
Publicat: London : Routledge, 2021
Col·lecció:Gender and sexualities in psychology
Etiquetes: Afegir etiqueta
Sense etiquetes, Sigues el primer a etiquetar aquest registre!

MARC

LEADER 00000nam a22000007i 4500
001 IT\ICCU\UBO\4857808
003 ItRI
005 20260115232010.0
008 250206s2021 xxk|||||| ||||| |||||c
020 |a 9781138613775 
040 |b ita  |c importazione bologna sebina 
041 7 |a eng  |2 ISO-639-2 
100 1 |a Hayfield, Nikki  |0 IT\ICCU\UBOV\153719 
240 1 0 |a Bisexual and pansexual identities  |3 IT\ICCU\UBO\4857827  |9 Hayfield, Nikki 
245 1 0 |a Bisexual and pansexual identities :  |b exploring and challenging invisibility and invalidation /  |c Nikki Hayfield. 
260 |a London :  |b Routledge,  |c 2021 
300 |a 131 p. ;  |c 24 cm 
830 0 |a Gender and sexualities in psychology  |0 IT\ICCU\MOD\1695363 
942 |2 ddc  |c BK  |n 0 
952 |0 0  |1 0  |4 0  |6 B_306_765000000000000_HAY  |7 0  |9 18639  |a BO  |b BO  |d 2026-01-15  |i 19883  |l 0  |o B 306.765 HAY  |p BO19883  |r 2026-01-15 23:20:10  |w 2026-01-15  |x [Sebina 5] [1 v.]  |y BK  |z 1 v. 
999 |c 15803  |d 15803